Online
Catalog

El estudio de la rentabilidad comercial / : (Record no. 35018)

MARC details
000 -CABECERA
campo de control de longitud fija 00435nam a2200145 a 4500
001 - NÚMERO DE CONTROL
campo de control 000035527
005 - FECHA Y HORA DE LA ÚLTIMA TRANSACCIÓN
campo de control 20200930074416.0
008 - DATOS DE LONGITUD FIJA--INFORMACIÓN GENERAL
campo de control de longitud fija 111103s2004 dr 000 0 spa d
020 ## - NÚMERO INTERNACIONAL ESTÁNDAR DEL LIBRO
Número Internacional Estándar del Libro 8423404749
040 ## - FUENTE DE LA CATALOGACIÓN
Centro catalogador/agencia de origen DO-SdBNP
Lengua de catalogación spa
Centro/agencia transcriptor BNPHU
100 ## - ENTRADA PRINCIPAL--NOMBRE DE PERSONA
Nombre de persona Körlín, Erick
9 (RLIN) 61416
245 #3 - MENCIÓN DE TÍTULO
Título El estudio de la rentabilidad comercial / :
Resto del título Erick Körlín.
260 ## - PUBLICACIÓN, DISTRIBUCIÓN, ETC.
Lugar de publicación, distribución, etc. España, :
Nombre del editor, distribuidor, etc. Ediciones Deusto,
Fecha de publicación, distribución, etc. [199-?].
300 ## - DESCRIPCIÓN FÍSICA
Extensión 213 p. :
Otras características físicas il. ;
Dimensiones 24 cm.
Holdings
Estado de retiro Estado de pérdida No para préstamo Código de colección Localización permanente Ubicación/localización actual Ubicación en estantería Fecha de adquisición Número de inventario Total de préstamos Signatura topográfica completa Código de barras Fecha visto por última vez Precio válido a partir de Tipo de ítem Koha
      Patrimonio Dominicano General General Orden iniciada 03.11.2011 LF1   35527-10 25.06.2020 25.06.2020 Libro y Folleto Colección Patrimonio Dominicano

Powered by Koha